000 01142nmm a2200337 a 4500
001 ocm0001732373
003 TR-IsHL
005 20201028170618.0
008 170529s2016 tu tur
007 cr cn
020 _a9786059272384
035 _a1732373
_b(N$T)
050 0 4 _aHV6431
_b.D64 2016
090 0 4 _aHV6431
_b.D64 2016
100 1 _aDoğan, Şaban
245 1 0 _aKüreselleşen terör belası: cihad ve terör: PKK, DAEŞ, El-Kaide, PYD, ETA, Batasuna
_h[electronic resource] /
_cŞaban Doğan ; editör M. Endülüs Özbay
250 _a1. Baskı
260 _aİstanbul :
_bAZ Kitap,
_c2016
300 _a160 p.
650 4 _aPolitika ve Uluslararası İlişkiler
650 4 _aPolitics and International Relations
650 0 _aTerörizm
650 0 _aTerorism
650 0 _aTerörizm
_x Dini açıdan
_x İslam
650 0 _aTerrorism
_xReligious aspects
_xIslam
650 0 _aCihad
650 0 _aJihad
650 7 _aPOLITICAL SCIENCE / Terrorism
_2bisacsh
700 1 _aÖzbay, M. Endülüs
856 4 0 _uhttp://search.ebscohost.com/login.aspx?direct=true&scope=site&db=e011xww&AN=1732373
999 _c16330
_d16330